000 00399nam a2200169Ia 4500
008 230524s9999 xx 000 0 und d
020 _a9788174465610
082 _a346.065
_bGUL
100 _aS S Gulshan
245 0 _aMercantile Law
250 _a3RD
260 _aNEW DELHI
_bExcel Books
_c2007
300 _aXVII;845
500 _aQuantity Number: 15
650 _aManagement
942 _cBK
999 _c42513
_d42513